[Event "BEL-chT 0001"]
[Site "Belgium"]
[Date "2001.03.04"]
[Round "13"]
[White "Tolk, Pieter"]
[Black "Claesen, Jeroen"]
[Result "0-1"]
[WhiteElo "2244"]
[BlackElo "2273"]
[PlyCount "127"]
[EventDate "2000.11.18"]
[EventType "team"]
[EventRounds "13"]
[EventCountry "BEL"]
[SourceTitle "CBM 081 Extra"]
[Source "ChessBase"]
[SourceDate "2001.05.06"]
[SourceVersion "1"]
[SourceVersionDate "2001.05.06"]
[SourceQuality "1"]

1. e4 g6 2. d4 c6 3. c3 Bg7 4. Bd3 d5 5. Nd2 dxe4 6. Nxe4 Nd7 7. Qe2 Ndf6 8. Ng3 Nd5 9. h3 Ngf6 10. Nf3 Qd6 11. Ne5 0-0 12. 0-0 c5 13. dxc5 Qxc5 14. a3 Nb6 15. c4 Nh5 16. Nxh5 Bxe5 17. Nf4 Qd4 18. Nd5 Nxd5 19. cxd5 Rd8 20. Be4 Bg7 21. Rd1 Qe5 22. f4 Qf6 23. Rb1 Bf5 24. b4 Rd7 25. Kh2 Rad8 26. Bb2 Qh4 27. Qf3 Bxe4 28. Qxe4 Bxb2 29. Rxb2 e6 30. Rbd2 Rxd5 31. Rxd5 exd5 32. Qe5 Qf2 33. Qc7 Qb6 34. Qe5 d4 35. Rd3 h5 36. Kg3 Qa6 37. Rxd4 Qxa3+ 38. Kh4 Rxd4 39. Qxd4 Qa6 40. Kg3 Qb5 41. Kh2 Qf5 42. Kg3 Qb5 43. Kh2 Kh7 44. Qd6 Qf5 45. Qd4 b6 46. Kg3 a5 47. Qxb6 h4+ 48. Kf3 Qd3+ 49. Kf2 Qd2+ 50. Kg1 Qc1+ 51. Kh2 Qxf4+ 52. Kh1 axb4 53. Qb5 Qc1+ 54. Kh2 Qc3 55. Qd7 Kg7 56. Qe7 Qg3+ 57. Kg1 b3 58. Qb4 Qe3+ 59. Kh2 Qe5+ 60. Kh1 b2 61. Kg1 Kg8 62. Kh1 g5 63. Kg1 Qe3+ 64. Kh2 0-1

[Event "BEL-chT 0001"]
[Site "Belgium"]
[Date "2000.11.17"]
[Round "3"]
[White "Martyn, Rafe"]
[Black "Tolk, Pieter"]
[Result "1/2-1/2"]
[WhiteElo "2102"]
[BlackElo "2244"]
[PlyCount "62"]
[EventDate "2000.11.18"]
[EventType "team"]
[EventRounds "13"]
[EventCountry "BEL"]
[SourceTitle "CBM 081 Extra"]
[Source "ChessBase"]
[SourceDate "2001.05.06"]
[SourceVersion "1"]
[SourceVersionDate "2001.05.06"]
[SourceQuality "1"]

1. d4 Nf6 2. c4 e6 3. g3 d5 4. Bg2 dxc4 5. Nf3 Nbd7 6. Qa4 a6 7. Qxc4 b5 8. Qc6 Rb8 9. Bf4 Nd5 10. Bg5 Be7 11. Bxe7 Qxe7 12. Nc3 Qb4 13. 0-0 Nxc3 14. bxc3 Qd6 15. Qe4 Nf6 16. Qc2 Bb7 17. c4 Be4 18. Qb3 0-0 19. Rfd1 bxc4 20. Qxc4 Rb4 21. Qc3 Rfb8 22. Ne5 Bxg2 23. Kxg2 Rb2 24. Rd2 Rxd2 25. Qxd2 Rb4 26. e3 Qb6 27. Nd3 Rc4 28. Nc5 h6 29. Qd3 Qc6+ 30. Kg1 Qd5 31. Rb1 g6 1/2-1/2

[Event "BEL-chT 9900"]
[Site "Antwerp"]
[Date "2000.02.20"]
[Round "10"]
[White "Tolk, Pieter"]
[Black "Bolzoni, Victor Angel"]
[Result "0-1"]
[WhiteElo "2269"]
[BlackElo "2220"]
[PlyCount "74"]
[EventDate "1999.10.08"]
[EventType "team"]
[EventRounds "11"]
[EventCountry "BEL"]
[SourceTitle "CBM 075 Extra"]
[Source "ChessBase"]
[SourceDate "2000.05.11"]
[SourceVersion "2"]
[SourceVersionDate "2000.05.11"]
[SourceQuality "1"]

1. Nf3 Nf6 2. d4 g6 3. Bf4 Bg7 4. e3 d5 5. h3 c5 6. c3 Qb6 7. Qb3 c4 8. Qxb6 axb6 9. Bxb8 Rxb8 10. Nbd2 Ra8 11. e4 dxe4 12. Ng5 b5 13. Be2 Bf5 14. g4 Bd7 15. Ngxe4 Nxe4 16. Nxe4 Bc6 17. f3 h5 18. g5 e5 19. d5 Bxd5 20. Nd6+ Kd7 21. Nxb5 Kc6 22. a4 Ra5 23. 0-0 Bf8 24. f4 Bc5+ 25. Kh2 exf4 26. Rxf4 Re8 27. Bxc4 Bxc4 28. Rxc4 Re2+ 29. Kh1 Rxb2 30. Rd1 Kb6 31. Rd5 Ra8 32. Rcxc5 Rxa4 33. Rd1 Kxc5 34. Nd6 Rf4 35. c4 b6 36. Rd5+ Kc6 37. Rd1 Rf3 0-1